| 000 | 00441nam a2200133Ia 4500 | ||
|---|---|---|---|
| 008 | 250506s9999 xx 000 0 und d | ||
| 024 | _a02A-03-BCS3, 00B-01-BCS3 & 02A-03-BCS3 | ||
| 082 | _a621.3828072 MAR | ||
| 100 | _aMarya Ameen, Uroos Fatima & Rabab Matanat | ||
| 245 | 4 | _aThe Real Time Monitoring And Controlling System | |
| 260 |
_aKarachi: _bUIT, _c2002 |
||
| 600 | _aComputer Science | ||
| 650 | _aBachelor of Computer Science (BS) | ||
| 999 |
_c27645 _d27645 |
||